000 00816nam a2200253Ia 4500
003 OSt
005 20220927110456.0
006 a|||||r|||| 00| 0
007 ta
008 220926b |||||||| |||| 00| 0 eng d
024 _a70995
037 _cReports
040 _aRTL
_cRTL
_beng
041 _2eng
_aeng
082 _a"X79E.252.N23t, F4"
110 _a"Uttar Pradesh, Economy. (committee on-)(1923)(President ; S H Fremantle)"
_9378634
245 0 _aReport of the U P of Agra and Oudh
260 _aAllahabad
_bGovt. press India
_c1924
300 _a184p.
_ccm.
650 _aState Finance
_9378635
700 _a"Uttar Pradesh, Economy. (committee on-)(1923)(President ; S H Fremantle)"
_9378636
942 _h"X79E.252.N23t, F4"
_cCC
999 _c696918
_d696918